Demand for landscape architectural graduates /
Saved in:
| Corporate Author: | |
|---|---|
| Format: | Book |
| Language: | English |
| Published: |
[Washington, D.C.?] :
The Society,
[1972]
|
| Subjects: | |
| Tags: |
Add Tag
No Tags, Be the first to tag this record!
|
| LEADER | 00915nam a22002417u 4500 | ||
|---|---|---|---|
| 001 | 000000407-3 | ||
| 005 | 20020606090541.3 | ||
| 008 | 830127|1972 ||||||| |||| |0||||eng|d | ||
| 035 | 0 | |a ocm12031604 | |
| 043 | |a n-us--- | ||
| 050 | 4 | |a SB469.33 |b .D46 | |
| 245 | 0 | 0 | |a Demand for landscape architectural graduates / |c Council on Education, American Society of Landscape Architects. |
| 246 | 3 | |a Landscape architectural personnel demand studies | |
| 260 | 0 | |a [Washington, D.C.?] : |b The Society, |c [1972] | |
| 300 | |a 12 [i.e. 20] p. ; |c 28 cm. | ||
| 650 | 0 | |a Landscape architecture |x Vocational guidance. | |
| 650 | 0 | |a Landscape architects |x Employment |z United States. | |
| 650 | 0 | |a Landscape architects |z United States |v Statistics. | |
| 650 | 0 | |a Landscape architecture |z United States. | |
| 655 | 7 | |a Statistics. |2 fast | |
| 710 | 2 | |a American Society of Landscape Architects. |b Council on Education. | |
| 988 | |a 20020608 | ||
| 906 | |0 MH | ||


